| 000 | 00573nam a2200217 a 4500 | ||
|---|---|---|---|
| 999 |
_c5277 _d5277 |
||
| 001 | 5277 | ||
| 003 | BD-JhCC | ||
| 005 | 20171211195759.0 | ||
| 008 | 171211s1983 u |||| || | 000 0 eng d | ||
| 035 | _a(BD-JhCC)5277 | ||
| 040 |
_aBD-JhCC _dBD-JhCC |
||
| 041 | _aeng | ||
| 082 |
_a701.4 _bURD 1983 |
||
| 245 |
_aFine and Applied Arts Terms Index / _cLaurence Urdang, Frank R. Abate |
||
| 260 |
_aUSA : _bGale Research Company, _c1983. |
||
| 300 |
_a773 p. : _c23 cm. |
||
| 650 |
_aArt _xTerminology |
||
| 700 | _aAbate, Frank R. | ||
| 942 |
_2ddc _cBK |
||